Music Quiz

Random Music or Artist Quiz

VH1 100 Greatest Rock Songs Quiz Stats

 Plays Quiz Updated Feb 4, 2019

Support Sporcle.
Go Orange.
Score 0/100 Timer 15:00
2 Plays Today
# Song % Correct
3Stairway To Heaven
85.2%
6Hotel California
84.3%
2Respect
82%
10Imagine
78.9%
1(I Can't Get No) Satisfaction
74.5%
27Bohemian Rhapsody
69.6%
41Smells Like Teen Spirit
69.1%
9Hey Jude
66.2%
19American Pie
65.3%
5Born To Run
60.5%
7Light My Fire
60.1%
4Like A Rolling Stone
55.3%
16Layla
54.7%
95Jump
52.7%
44Free Bird
52.3%
25Purple Haze
51.8%
31Hound Dog
50.7%
8Good Vibrations
49.8%
42Every Breath You Take
49.8%
49Brown Eyed Girl
49.7%
13My Generation
49.3%
35Walk This Way
48.7%
58Piano Man
48.6%
18Jailhouse Rock
48.3%
54Stayin' Alive
47.5%
33(Sittin' On) The Dock Of The Bay
47.2%
34All Along The Watchtower
47%
32Let It Be
46.8%
52Beat It
46.6%
48California Dreamin'
46.4%
73The Twist
46%
40Born To Be Wild
44.6%
12Yesterday
44.5%
30Bridge Over Troubled Water
43.9%
# Song % Correct
29Oh, Pretty Woman
43.9%
15Johnny B. Goode
43.2%
53Great Balls Of Fire
43.2%
85Roxanne
41.3%
22Superstition
41.2%
47Dream On
41%
84More Than A Feeling
40.5%
37Rock Around The Clock
40.2%
14What's Going On?
39%
78Blue Suede Shoes
38.5%
69Maggie May
38.3%
36My Girl
38.2%
64London Calling
38.1%
23I Want To Hold Your Hand
37.7%
21I Got You (I Feel Good)
37.1%
86We Are The Champions
37.1%
38I Heard It Through The Grapevine
35.1%
89Stand By Me
34.9%
63Crazy
34.2%
26Sympathy For The Devil
33.8%
11Louie Louie
32.7%
24Brown Sugar
32.2%
46Whole Lotta Love
32.1%
50Wild Thing
31.5%
28You Really Got Me
30.8%
39Proud Mary
30.6%
17Won't Get Fooled Again
30.1%
82Sexual Healing
29.6%
98La Bamba
29.6%
92When Doves Cry
28.5%
75Sunshine Of Your Love
28.3%
71Heartbreak Hotel
28.1%
62Kashmir
28%
60Space Oddity
27.7%
# Song % Correct
70Your Song
26.9%
80Fire And Rain
26.7%
56Blowin' In The Wind
25.8%
91You Shook Me All Night Long
25.2%
76California Girls
24.9%
55For What It's Worth
24.2%
88Somebody To Love
23.7%
97No Woman No Cry
23.5%
20A Day In The Life
23.1%
83Start Me Up
22.9%
65Jumpin' Jack Flash
22.3%
67Let's Stay Together
21.8%
59She Loves You
20.6%
72God Only Knows
19.5%
79A Hard Day's Night
19%
61Strawberry Fields Forever
18.5%
57Twist And Shout
18.2%
96Thunder Road
17.3%
66Rock & Roll
17.2%
45That'll Be The Day
15.4%
43What'd I Say
15%
51Suite: Judy Blue Eyes
14.9%
74Good Golly, Miss Molly
14.6%
77Summertime Blues
14.6%
81Gloria
13%
94Gimme Some Lovin'
11.6%
87Tangled Up In Blue
11%
93In The Midnight Hour
10.6%
100Papa Was A Rollin' Stone
10%
90Whole Lotta Shakin' Going On
9.9%
68All Shook Up
8%
99We've Only Just Begun
7.3%

From the Vault

Sliced TV Shows

by babymonkee

No matter how you slice it, these are some great shows.
Remove Ads.
Support Sporcle.
Get the best of Sporcle when you Go Orange. This ad-free experience offers more features, more stats, and more fun while also helping to support Sporcle. Thank you for becoming a member.

Show Comments

Extras

Top Quizzes Today


Score Distribution

Your Account Isn't Verified!

In order to create a playlist on Sporcle, you need to verify the email address you used during registration. Go to your Sporcle Settings to finish the process.

Report this User

Report this user for behavior that violates our Community Guidelines.

Details: